00629nam a2200157 a 4500008004100000050001500041100001900056245003700075260005000112350000900162650004100171650001400212995009700226999001700323952013100340120416s1974 ||||||||||||||||| || u aHC 502 Rod aRodney, Walter10aHow Europe underdeveloped Africa aLondonbBogle- L'Ouverture Publicationsc1974 a0.00 aECONOMIC DEVELOPMENT--EUROPE--AFRICA 0aECONOMICS D0.00FCBU-MAIN LIBRARY (Kitwe)H1I100.00M1UAVAILABLEZMain Library Open Access Collection c45766d45766 00102lcc4070a001b001cMain Library Open Access Collectiond2022-11-30l0oHC 502 Rodp002357r2022-11-30w2022-11-30y002